00651nam a2200217Ia 4500003000900000008004100009040001300050040001300063041000800076100001600084245006300100250001300163260001600176260000900192300001100201300001000212490000600222942000700228999001700235952018100252IT-RoPAU120407s9999 xx 000 0 und d aIT-RoPAU cIT-RoPAU aita aMax Seckler aTeologia , scienza, Chiesa. Saggi di teologia fondamentale aBrescia  aMorcelliana c1988 a290 p. c23 cm v1 cBK c31601d31601 00102ddc406239_35000000000000071aPAULUSbPAULUSd2012-04-11l0o239.35r2012-04-11 00:00:00w2012-04-11yBKzInserito da: In data: n.d. fondo: Via A.Severo 56 Progr:34538